El niño con síndrome de Down
Salvato in:
| Autore principale: | |
|---|---|
| Natura: | Libro |
| Lingua: | spagnolo |
| Pubblicazione: |
Ciudad de México
Diana
1991
|
| Soggetti: | |
| Tags: |
Aggiungi Tag
Nessun Tag, puoi essere il primo ad aggiungerne!!
|
MARC
| LEADER | 00000nam a2200000 a 4500 | ||
|---|---|---|---|
| 001 | UCW7299 | ||
| 003 | CL-VaPUC | ||
| 008 | 921022e19910000MX |||||||||||||||||spa|d | ||
| 082 | 0 | 4 | |a 616.858842 |b GAR |2 21 |
| 100 | 0 | |a García Escamilla, Sylvia |e author |9 312449 | |
| 245 | 1 | 3 | |a El niño con síndrome de Down |
| 300 | |a 242 p | ||
| 942 | |c BK | ||
| 945 | |d 19921022 00:00:00 | ||
| 260 | |a Ciudad de México |b Diana |c 1991 | ||
| 650 | 0 | |a Síndrome de Down |9 309553 | |
| 650 | 7 | |a MONGOLISMO |2 CL-VaPUC |9 312450 | |
| 583 | |a last modification |c 19921022 00:00:00 |k Rodrigo Vera | ||
| 999 | |c 220102 |d 220100 | ||
| 952 | |0 0 |1 0 |4 0 |6 616_858842000000000_GAR_1991 |7 0 |8 A |9 211892 |a BIBEDU |b BIBEDU |d 2019-11-15 |i 2801248 |o 616.858842 GAR 1991 |p 2801248 |r 2019-11-15 |w 2019-11-15 |y BK |k EDU | ||